000 01563nam0a2200313 4500
001 RU\NLR\bibl\1660624
005 20250616040908.0
010 _a978-5900678-58-0
_950
021 _aRU
_b2010-49805
_93294
035 _a(NLR Aleph) 001651912
090 _a927177
_c927177
100 _a20100803d2010 |||y0rusy50 ca
101 0 _arus
102 _aRU
105 _aa |||||||||
200 1 _aМетодическое пособие по краткосрочному прогнозированию промысла в Центрально-Восточной Атлантике
_fВ.Б. Лукацкий, Г.Е. Маслянкин
_gФедер. агентство по рыболовству, Федер. гос. унитар. предприятие Атлант. НИИ рыб. хоз-ва и океанографии (ФГУП "АтлантНИРО")
210 _aКалининград
_cАтлантНИРО
_d2010
215 _a42 с.
_cцв. ил.
_d21
320 _aБиблиогр.: с. 24-26 (36 назв.)
606 1 _aРыбный промысел
_jМетодические пособия
_xПрогнозы
_yАтлантический океан
_yВосточная часть
_92602020
_3RU\NLR\auth\661538578
686 _aП722.42(92)я8
700 1 _aЛукацкий
_bВ. Б.
_gВалерий Борисович
_4070
701 1 _aМаслянкин
_bГ. Е.
_gГригорий Евгеньевич
_4070
801 0 _aRU
_bNLR
_c20100803
_gRCR
801 1 _aRU
_bNLR
_c20100803
942 _cBOOK
980 _aNB
980 _aNBR